| 000 | 01077cam a2200229 4500 | ||
|---|---|---|---|
| 001 | WB@3612-530 | ||
| 008 | 040715n2004 000 0 eng u | ||
| 035 | _a(Sirsi) u126784 | ||
| 245 | _aSocial rents | ||
| 260 | _c2004 | ||
| 490 |
_aODPM News Release _v2004/0156 14 July 2004 (2) |
||
| 520 | _aAccording to a three year government interim review, the restructuring of social rents in England has ensured a fairer and more coherent system. Although there are a few areas of the policy that need amending, overall it is working well. The policy aims, over a 10-year period (which started from April 2002), to encourage councils and housing associations to set their rents within +/-5% of the levels given by a national formula that reflects property size, location and condition. http://www.odpm.gov.uk/pns/DisplayPN.cgi?pn_id=200 4_0156 | ||
| 590 | _aWB | ||
| 590 | _aWB | ||
| 650 | _aSOCIAL RENTS | ||
| 650 | _aRENT REGULATION | ||
| 650 | _aRESTRUCTURING | ||
| 650 | _aSOCIAL HOUSING | ||
| 650 | _aENGLAND | ||
| 690 | _aHOUSING-SOCIAL HOUSING | ||
| 942 | _n0 | ||
| 999 |
_c117700 _d117700 |
||